National Anthem - Germany - Statistics

General Stats
  • This quiz has been taken 108 times
  • The average score is 30 of 36
Answer Stats
Hint Answer % Correct
5 Recht
100%
3 und
100%
8 Freiheit
99%
3 und
99%
9 Einigkeit
98%
3 das
96%
8 deutsche
96%
3 für
96%
9 Vaterland
96%
5 lasst
84%
3 mit
84%
10 brüderlich
83%
4 herz
83%
3 und
83%
3 uns
83%
6 Danach
82%
9 Einigkeit
82%
8 Freiheit
82%
4 hand
82%
5 Recht
82%
7 streben
82%
3 und
82%
3 und
82%
4 alle
80%
3 des
74%
4 sind
74%
7 Glückes
73%
9 Vaterland
73%
4 Blüh
71%
2 im
71%
6 dieses
70%
7 Glückes
70%
9 deutsches
68%
5 Blühe
67%
6 Glanze
67%
10 Unterpfand
67%
No matching quizzes found
Score Distribution
Percent of People with Each Score
Percentile by Number Answered
Your Score History
You have not taken this quiz